| 000 | 00344nam a2200145Ia 4500 | ||
|---|---|---|---|
| 008 | 230312s9999||||xx |||||||||||||| ||und|| | ||
| 020 | _a0-8153-4454-4 | ||
| 082 |
_a571.6 _bALB-E |
||
| 100 | _aAlbert | ||
| 245 | 0 | _aEssential Cell Biology | |
| 260 |
_bGarland Science _aUSA _c2014 |
||
| 300 | _a726 | ||
| 650 |
_aMedical _vBiology |
||
| 942 | _cBK | ||
| 999 |
_c11200 _d11200 |
||